| 000 | 00802nam a2200265 i 4500 | ||
|---|---|---|---|
| 001 | 91893 | ||
| 003 | ES-MaACL | ||
| 005 | 20230906180840.0 | ||
| 007 | t| | ||
| 008 | 050225s1999 sp |||| | spa d | ||
| 020 | _a84-8002-758-4 | ||
| 080 | _a341.231 | ||
| 080 | _a323.17(4) | ||
| 100 | 1 |
_aOrtega Terol, Juan Miguel. _987496 |
|
| 245 | 1 | 3 |
_aEl desmembramiento de estados en la Europa de fin de siglo / _cJuan Miguel Ortega Terol. |
| 260 |
_aValencia : _bTirant lo Blanch, _c1999. |
||
| 300 |
_a309 p. ; _c20 cm. |
||
| 490 | 1 |
_aAlternativa ; _vg' |
|
| 504 | _aBibliografía: p. [281]-309. | ||
| 650 | 1 | 4 |
_aNacionalismo- _zEuropa. _915452 |
| 650 |
_aAutodeterminación nacional. _9170862 |
||
| 830 | 0 |
_aAlternativa ; _vg' _9184227 |
|
| 852 |
_aES-MaACL _jL-28919 |
||
| 999 |
_c91893 _d91893 |
||